FIFA 21 Rulebreakers - Statistics

General Stats
  • This quiz has been taken 44 times
  • The average score is 11 of 29
Answer Stats
Rating Club Player % Correct
91 Tottenham Hotspur Harry Kane
100%
88 PSG Angel Di Maria
59%
87 Manchester United Paul Pogba
59%
88 Manchester City Aymeric Laporte
53%
87 Napoli Dries Mertens
53%
87 Borussia Dortmund Marco Reus
53%
87 Inter Milan Romelu Lukaku
53%
84 Athletic Bilbao Inaki Williams
47%
86 Atletico Madrid Jose Gimenez
47%
74 Wycombe Adebayo Akinfenwa
41%
84 Guangzhou Evergrande Anderson Talisca
41%
84 Atletico Madrid Marcos Llorente
41%
84 RB Leipzig Nordi Mukiele
41%
83 Lille Benjamin Andre
35%
87 Bayern Munich Douglas Costa
35%
83 Jiangsu Suning Alex Teixeira
29%
83 Wolves Daniel Podence
29%
83 AC Milan Hakan Calhanoglu
29%
83 Nice Hassane Kamara
29%
82 Minnesota Ike Opara
29%
85 Bayer Leverkusen Karim Bellarabi
29%
85 Inter Milan Radja Nainggolan
29%
83 PSV Denzel Dumfries
24%
84 Lyon Jason Denayer
24%
84 Juventus Juan Cuadrado
24%
83 Mainz Kunde Malong
24%
85 Sevilla Lucas Ocampos
24%
84 Lazio Manuel Lazzari
24%
83 Crystal Palace Patrick Van Aanholt
24%
No matching quizzes found
Score Distribution
Percent of People with Each Score
Percentile by Number Answered
Your Score History
You have not taken this quiz